[Event "DEM U18 2005"]
[Site "Willingen GER"]
[Date "2005.05.17"]
[Round "4"]
[White "Trella, Thomas"]
[Black "Schulz, Stefanie"]
[Result "1-0"]
[Termination "normal"]
[Board "9"]
[WhiteElo "2266"]
[BlackElo "2070"]
[PlyCount "49"]
[WhiteFideId "24620513"]
[BlackFideId "4693060"]
[EventCountry "GER"]
[EventRounds "9"]
[EventType "swiss"]
[EventDate "2005.05.15"]

1. e4 c5 2. Nc3 Nc6 3. Bb5 g6 4. Bxc6 dxc6 5. d3 Bg7 6. Be3 b6 7. Qd2 e5 8. f4
exf4 9. Bxf4 Qh4+ 10. Bg3 Qe7 11. Nf3 h6 12. O-O Be6 13. a4 a5 14. Rf2 Nf6 15.
h3 Qb7 16. e5 Nd5 17. Ne4 O-O 18. c4 Nb4 19. Nf6+ Kh8 20. Bf4 Rfd8 21. Bxh6
Nxd3 22. Qg5 Nxf2 23. Qh4 g5 24. Qh5 Bf5 25. Bxg5+ 1-0

[Event "DEM U18 2005"]
[Site "Willingen GER"]
[Date "2005.05.17"]
[Round "4"]
[White "Igonin, Pavel"]
[Black "Mink, Jens"]
[Result "0-1"]
[Termination "normal"]
[Board "10"]
[WhiteElo "2176"]
[BlackElo "2002"]
[PlyCount "86"]
[EventCountry "GER"]
[EventRounds "9"]
[EventType "swiss"]
[EventDate "2005.05.15"]

1. d4 Nf6 2. Nf3 d5 3. Bf4 Bf5 4. c4 e6 5. Nc3 c6 6. e3 Bb4 7. Qb3 Qa5 8. Be2
O-O 9. O-O Nbd7 10. Nh4 Bg6 11. Nxg6 hxg6 12. a3 Bxc3 13. bxc3 dxc4 14. Bxc4
Nb6 15. Bd3 Rfc8 16. c4 c5 17. Bd6 cxd4 18. exd4 Rd8 19. c5 Nc8 20. Be5 b6 21.
Bb5 Ne7 22. c6 a6 23. c7 Rdc8 24. Be2 Ned5 25. Rfc1 Ra7 26. Rc6 b5 27. Rac1 Rb7
28. Bd6 Rb6 29. Qc2 Ne8 30. Bb4 Rxc6 31. Qxc6 Qxc7 32. Qc5 Nxb4 33. axb4 Qxc5
34. dxc5 Rd8 35. Bf3 Rd4 36. Bb7 Nc7 37. Kf1 Rxb4 38. c6 a5 39. Rd1 a4 40. Rd7
a3 41. Rxc7 a2 42. Rc8+ Kh7 43. Ra8 Ra4 0-1

[Event "DEM U18 2005"]
[Site "Willingen GER"]
[Date "2005.05.17"]
[Round "4"]
[White "Becker, Nils"]
[Black "Skibbe, Willi"]
[Result "1/2-1/2"]
[Termination "normal"]
[Board "11"]
[WhiteElo "2096"]
[BlackElo "1934"]
[PlyCount "73"]
[WhiteFideId "4695216"]
[BlackFideId "4682190"]
[EventCountry "GER"]
[EventRounds "9"]
[EventType "swiss"]
[EventDate "2005.05.15"]

1. Nf3 Nf6 2. g3 g6 3. Bg2 Bg7 4. O-O O-O 5. d4 d5 6. c4 c6 7. cxd5 cxd5 8. Ne5
e6 9. Nc3 Nc6 10. f4 Nd7 11. Be3 Ne7 12. Qd2 Nb6 13. b3 Bd7 14. Bf2 f6 15. Nd3
Bc6 16. Nc5 Qd6 17. e4 e5 18. dxe5 fxe5 19. exd5 Nexd5 20. Rad1 Rad8 21. Nxd5
Nxd5 22. Qc2 Qf6 23. fxe5 Qxe5 24. Rfe1 Qf6 25. Ne6 Nb4 26. Qe2 Rxd1 27. Rxd1
Re8 28. Qc4 Qxe6 29. Qxb4 Bxg2 30. Kxg2 Qc6+ 31. Kg1 a6 32. Re1 Rxe1+ 33. Qxe1
b5 34. Qd2 h6 35. Qd8+ Kh7 36. Qd2 h5 37. Be3 1/2-1/2

[Event "DEM U18 2005"]
[Site "Willingen GER"]
[Date "2005.05.17"]
[Round "4"]
[White "Laßan, Christian"]
[Black "Elstner, Eik"]
[Result "1-0"]
[Termination "normal"]
[Board "12"]
[WhiteElo "2065"]
[BlackElo "2095"]
[PlyCount "59"]
[WhiteFideId "4685997"]
[BlackFideId "24605581"]
[EventCountry "GER"]
[EventRounds "9"]
[EventType "swiss"]
[EventDate "2005.05.15"]

1. e4 e5 2. Nf3 Nc6 3. Bb5 a6 4. Ba4 Nf6 5. O-O b5 6. Bb3 Bc5 7. a4 Bb7 8. d3
d6 9. Nc3 b4 10. Nd5 Na5 11. Nxf6+ Qxf6 12. Ba2 h6 13. Be3 Ba7 14. Qe1 c5 15.
Nd2 g5 16. c3 Nc6 17. Bd5 a5 18. Nc4 Bb8 19. Rd1 Nd8 20. Bxb7 Nxb7 21. d4 Qe6
22. Qe2 exd4 23. cxd4 Qxe4 24. Nb6 Ra7 25. Qb5+ Kf8 26. dxc5 dxc5 27. Rfe1 Qg6
28. Nc8 Kg7 29. Nxa7 Nd6 30. Qxc5 1-0

[Event "DEM U18 2005"]
[Site "Willingen GER"]
[Date "2005.05.17"]
[Round "4"]
[White "Dück, Stefan"]
[Black "Lang, Henry"]
[Result "1-0"]
[Termination "normal"]
[Board "13"]
[WhiteElo "2049"]
[BlackElo "1792"]
[PlyCount "101"]
[WhiteFideId "4681355"]
[EventCountry "GER"]
[EventRounds "9"]
[EventType "swiss"]
[EventDate "2005.05.15"]

1. e4 e6 2. d4 d5 3. Nc3 dxe4 4. Nxe4 Nf6 5. Nxf6+ Qxf6 6. Nf3 h6 7. Bd3 c5 8.
Be3 Nd7 9. O-O Be7 10. Bb5 O-O 11. c3 Rd8 12. Qb3 cxd4 13. Bxd4 Qf4 14. Rad1
Qc7 15. Rfe1 Nc5 16. Qc2 a6 17. Be2 b5 18. Be5 Bd6 19. Bxd6 Rxd6 20. Rxd6 Qxd6
21. Rd1 Qc7 22. c4 b4 23. Qd2 a5 24. Qd8+ Qxd8 25. Rxd8+ Kh7 26. Ne5 Bb7 27.
Rxa8 Bxa8 28. Nxf7 Na4 29. Nd8 e5 30. Bd3+ Kg8 31. b3 Nc5 32. Bg6 Kf8 33. Nf7
Nd7 34. Nd6 Ke7 35. Nc8+ Kd8 36. Na7 Kc7 37. Nb5+ Kd8 38. f3 Nc5 39. Bc2 Kd7
40. Kf2 Bb7 41. Ke3 Ba6 42. Bf5+ Kd8 43. Nd6 Ke7 44. Ne4 Nxe4 45. Bxe4 Kd6 46.
Bd5 Bc8 47. Ke4 Bd7 48. g3 Bh3 49. g4 Bf1 50. Kf5 Ke7 51. Kxe5 1-0

[Event "DEM U18 2005"]
[Site "Willingen GER"]
[Date "2005.05.17"]
[Round "4"]
[White "Poysti, Nathanael"]
[Black "Kaufmann, Benjamin"]
[Result "1/2-1/2"]
[Termination "normal"]
[Board "14"]
[WhiteElo "2008"]
[BlackElo "1942"]
[PlyCount "37"]
[BlackFideId "24613525"]
[EventCountry "GER"]
[EventRounds "9"]
[EventType "swiss"]
[EventDate "2005.05.15"]

1. d4 d5 2. c4 e6 3. Nc3 Nf6 4. Bg5 Be7 5. e3 O-O 6. Qc2 c6 7. Nf3 Nbd7 8.
O-O-O dxc4 9. Bxc4 b5 10. Bd3 h6 11. h4 a6 12. Bxf6 Nxf6 13. Kb1 Qb6 14. g4 Nd5
15. Nxd5 cxd5 16. g5 f5 17. Rc1 Bb7 18. Qc7 Bd8 19. Qd7 1/2-1/2

[Event "DEM U18 2005"]
[Site "Willingen GER"]
[Date "2005.05.17"]
[Round "5"]
[White "Degtiarev, Jewgeni"]
[Black "Eisenbeiser, Amadeus"]
[Result "0-1"]
[Termination "normal"]
[Board "1"]
[BlackTitle "FM"]
[WhiteElo "2328"]
[BlackElo "2304"]
[PlyCount "156"]
[WhiteFideId "4149610"]
[BlackFideId "4678338"]
[EventCountry "GER"]
[EventRounds "9"]
[EventType "swiss"]
[EventDate "2005.05.15"]

1. d4 d6 2. e4 Nf6 3. f3 e5 4. Ne2 Be7 5. c4 O-O 6. Nbc3 c6 7. d5 cxd5 8. cxd5
Bd7 9. Ng3 Qa5 10. Bd3 Rc8 11. O-O b5 12. Qe2 b4 13. Nb1 a6 14. a4 Be8 15. Be3
Nbd7 16. Nd2 Nc5 17. Bc4 Nfd7 18. b3 Bf8 19. Nh1 g6 20. g4 Qd8 21. a5 Be7 22.
Bf2 Bg5 23. Nb1 Bh4 24. Be3 Bg5 25. Bf2 Bh4 26. Ng3 Rcb8 27. Nd2 Bg5 28. Rfd1
Qc7 29. Ra2 Nf8 30. Ngf1 Bb5 31. Be3 Bxe3+ 32. Nxe3 Nfd7 33. Bxb5 Rxb5 34. Nec4
Nb7 35. Rda1 Rc8 36. Kg2 Ndc5 37. Qe3 Rf8 38. Kh1 f6 39. h3 Kh8 40. Kh2 Qg7 41.
Rf1 g5 42. h4 gxh4 43. Kh3 f5 44. exf5 Rxf5 45. f4 Rxf4 46. Rxf4 exf4 47. Qxf4
Nd3 48. Qf3 Rxd5 49. Ne3 Rd4 50. Ne4 Ne5 51. Qf5 Rd3 52. Re2 Nd8 53. Nf6 Qb7
54. Nfd5 Qf7 55. Rc2 Qxf5 56. gxf5 Ndc6 57. Kxh4 Rxb3 58. Ng4 Kg7 59. Nxe5 Nxe5
60. Rc7+ Nf7 61. Rb7 Ra3 62. Rxb4 Rxa5 63. Rg4+ Kf8 64. Rd4 Ne5 65. Kg3 Ra3+
66. Kg2 Rd3 67. Rxd3 Nxd3 68. Kf3 a5 69. Ke3 Nc5 70. Nf6 h6 71. Kd4 Kf7 72. Nh5
a4 73. Kc3 Nb3 74. Kb4 Nd4 75. f6 Kg6 76. f7 Ne6 77. Nf4+ Kxf7 78. Ng2 Nc5 0-1

[Event "DEM U18 2005"]
[Site "Willingen GER"]
[Date "2005.05.17"]
[Round "5"]
[White "Feuerstack, Aljoscha"]
[Black "Frübing, Stefan"]
[Result "1-0"]
[Termination "normal"]
[Board "2"]
[WhiteElo "2209"]
[BlackElo "2204"]
[PlyCount "67"]
[WhiteFideId "4681932"]
[BlackFideId "4682165"]
[EventCountry "GER"]
[EventRounds "9"]
[EventType "swiss"]
[EventDate "2005.05.15"]

1. e4 c5 2. Nf3 Nc6 3. d4 cxd4 4. Nxd4 g6 5. Nc3 Bg7 6. Be3 Nf6 7. Bc4 O-O 8.
Bb3 d6 9. f3 Bd7 10. Qd2 Rc8 11. O-O-O Ne5 12. Kb1 Re8 13. h4 h5 14. Bh6 Nc4
15. Bxc4 Rxc4 16. Bxg7 Kxg7 17. Nd5 e5 18. Nxf6 Qxf6 19. Nb3 Re6 20. Qe3 b6 21.
Nc1 Bc8 22. Ne2 Bb7 23. g3 Re8 24. Qa3 Rd8 25. Rd3 a6 26. Rhd1 Rc5 27. Qb4 d5
28. f4 a5 29. fxe5 Qf2 30. Qxb6 Rdc8 31. R3d2 Ba8 32. Nf4 Qxg3 33. Qf6+ Kg8 34.
e6 1-0

[Event "DEM U18 2005"]
[Site "Willingen GER"]
[Date "2005.05.17"]
[Round "5"]
[White "Heinz, Axel"]
[Black "Hoffmann, Udo"]
[Result "1/2-1/2"]
[Termination "normal"]
[Board "3"]
[WhiteElo "2354"]
[BlackElo "2196"]
[PlyCount "54"]
[WhiteFideId "4667557"]
[BlackFideId "24605735"]
[EventCountry "GER"]
[EventRounds "9"]
[EventType "swiss"]
[EventDate "2005.05.15"]

1. e4 c5 2. Nf3 e6 3. d4 cxd4 4. Nxd4 Nc6 5. Nc3 a6 6. g3 Nge7 7. Bg2 Nxd4 8.
Qxd4 Nc6 9. Qd3 b5 10. Bf4 Be7 11. Rd1 O-O 12. O-O Qb6 13. Qd2 Na5 14. b3 Rd8
15. e5 Bb7 16. Ne4 Rac8 17. h4 b4 18. h5 Qc7 19. Nd6 Bxd6 20. Bxb7 Nxb7 21.
exd6 Qc3 22. Qe2 Rc6 23. Qg4 f5 24. Qh4 h6 25. Rfe1 Qf6 26. Qxf6 gxf6 27. Bxh6
Nxd6 1/2-1/2

[Event "DEM U18 2005"]
[Site "Willingen GER"]
[Date "2005.05.17"]
[Round "5"]
[White "Möller, Hendrik"]
[Black "Krämer, Martin"]
[Result "1/2-1/2"]
[Termination "normal"]
[Board "4"]
[BlackTitle "FM"]
[WhiteElo "2180"]
[BlackElo "2362"]
[PlyCount "149"]
[WhiteFideId "24604917"]
[BlackFideId "4671910"]
[EventCountry "GER"]
[EventRounds "9"]
[EventType "swiss"]
[EventDate "2005.05.15"]

1. e4 c5 2. Nf3 Nc6 3. d4 cxd4 4. Nxd4 Nf6 5. Nc3 d6 6. Bg5 e6 7. Qd2 a6 8.
O-O-O Bd7 9. f3 Rc8 10. Nxc6 Bxc6 11. Kb1 Be7 12. Bf4 d5 13. e5 Nd7 14. Ne2 Qc7
15. Qc3 Qb8 16. Qe3 Bb5 17. Nd4 Bxf1 18. Rhxf1 O-O 19. Qe2 Rc4 20. Bg3 Bc5 21.
Nb3 Rc8 22. Rxd5 exd5 23. e6 Ne5 24. Bxe5 Bd6 25. exf7+ Kxf7 26. Bc3 Bxh2 27.
Qd3 d4 28. Nxd4 Kg8 29. Nf5 Rxc3 30. bxc3 Rd8 31. Qc4+ Kh8 32. f4 Qc8 33. Qxc8
Rxc8 34. Nd4 Rxc3 35. Kc1 Rg3 36. Rf2 Bg1 37. Re2 Be3+ 38. Kd1 g6 39. Ne6 Kg8
40. c4 h6 41. c5 Kf7 42. Nd8+ Ke7 43. Nxb7 Kd7 44. Rb2 Bxf4 45. Na5 Bc7 46.
Rd2+ Kc8 47. Nb3 h5 48. Rf2 Kb7 49. Ke2 h4 50. Nd4 g5 51. Kf1 Rc3 52. Rf7 Kc8
53. Ne6 Bg3 54. Nxg5 Rc1+ 55. Ke2 Rc2+ 56. Kf3 Rxa2 57. Ne4 Ra3+ 58. Kg4 Ra4
59. Kf3 Kd8 60. Nxg3 Ra3+ 61. Kg4 Rxg3+ 62. Kxh4 Rxg2 63. Ra7 Rg6 64. Kh5 Rc6
65. Kg4 Kc8 66. Kf4 Kb8 67. Rh7 Rxc5 68. Ke3 Rc1 69. Rh3 a5 70. Kd2 Rc4 71. Kd3
Rc5 72. Kd4 Rc1 73. Rh5 a4 74. Ra5 Rf1 75. Kc3 1/2-1/2

[Event "DEM U18 2005"]
[Site "Willingen GER"]
[Date "2005.05.17"]
[Round "5"]
[White "Strohhäker, Raoul"]
[Black "Nüsken, Nikolas"]
[Result "1-0"]
[Termination "normal"]
[Board "5"]
[WhiteElo "2226"]
[BlackElo "2243"]
[PlyCount "71"]
[WhiteFideId "4687400"]
[BlackFideId "24605891"]
[EventCountry "GER"]
[EventRounds "9"]
[EventType "swiss"]
[EventDate "2005.05.15"]

1. e4 c5 2. Nf3 e6 3. c4 Nc6 4. Nc3 Nf6 5. Be2 Qb6 6. O-O Be7 7. a3 O-O 8. Rb1
Qc7 9. d4 cxd4 10. Nxd4 d6 11. Be3 Bd7 12. Rc1 Nxd4 13. Qxd4 a6 14. Rfd1 Rac8
15. Qd2 Rfd8 16. f3 b6 17. b4 Qb7 18. Qd3 Be8 19. f4 Qb8 20. Bd4 Nd7 21. Qg3
Bf6 22. Bxf6 Nxf6 23. a4 Bc6 24. Qe3 Ba8 25. Rd4 e5 26. fxe5 dxe5 27. Rxd8+
Rxd8 28. Nd5 Rd6 29. Bf3 Qd8 30. Rd1 Nd7 31. c5 bxc5 32. bxc5 Rc6 33. Nb6 Rc7
34. Bg4 Bc6 35. Nxd7 Bxd7 36. c6 1-0

[Event "DEM U18 2005"]
[Site "Willingen GER"]
[Date "2005.05.17"]
[Round "5"]
[White "Grimberg, Boris"]
[Black "Laßan, Christian"]
[Result "1-0"]
[Termination "normal"]
[Board "6"]
[WhiteElo "2066"]
[BlackElo "2065"]
[PlyCount "113"]
[WhiteFideId "4697499"]
[BlackFideId "4685997"]
[EventCountry "GER"]
[EventRounds "9"]
[EventType "swiss"]
[EventDate "2005.05.15"]

1. d4 d5 2. Nf3 e6 3. e3 c5 4. b3 Nf6 5. Bb2 Nbd7 6. Nbd2 Bd6 7. Bd3 b6 8. Ne5
O-O 9. O-O Qc7 10. f4 Bb7 11. c4 Ne4 12. Nxd7 Qxd7 13. Nxe4 dxe4 14. Be2 Rad8
15. Qd2 Qc7 16. g3 Be7 17. Rad1 f5 18. Qc1 Bf6 19. dxc5 bxc5 20. Bxf6 gxf6 21.
Rxd8 Rxd8 22. Rd1 Rd6 23. Rxd6 Qxd6 24. Qd1 Qc7 25. Kf2 Kf7 26. Qd2 a5 27. a3
Bc6 28. b4 axb4 29. axb4 cxb4 30. Qxb4 Qd7 31. Qa5 Kg7 32. Qb6 Kf7 33. Qd4 Qc7
34. c5 Ke7 35. Bc4 Qb8 36. Kg2 Qc7 37. Qd1 Be8 38. Qd4 Bc6 39. Kh3 Bd7 40. Kh4
Be8 41. g4 Bg6 42. gxf5 Bxf5 43. Bb5 Qa5 44. Qd7+ Kf8 45. Qe8+ Kg7 46. Qe7+ Kg8
47. Kh5 Qd2 48. h4 Qg2 49. Qxf6 Qg6+ 50. Qxg6+ hxg6+ 51. Kg5 Kf7 52. Ba6 Ke7
53. c6 Kd6 54. Bb7 Kc7 55. Kf6 Kd8 56. Ba6 Kc7 57. Bc4 1-0

[Event "DEM U18 2005"]
[Site "Willingen GER"]
[Date "2005.05.17"]
[Round "5"]
[White "Mink, Jens"]
[Black "Trella, Thomas"]
[Result "1/2-1/2"]
[Termination "normal"]
[Board "7"]
[WhiteElo "2002"]
[BlackElo "2266"]
[PlyCount "46"]
[BlackFideId "24620513"]
[EventCountry "GER"]
[EventRounds "9"]
[EventType "swiss"]
[EventDate "2005.05.15"]

1. e4 e6 2. Nc3 d5 3. b3 Nf6 4. Bb2 d4 5. Nce2 c5 6. Ng3 Bd6 7. Bb5+ Bd7 8. Qe2
Bxb5 9. Qxb5+ Qd7 10. Qe2 Nc6 11. Nf3 e5 12. a3 Nd8 13. O-O Ne6 14. Nf5 O-O 15.
g3 g6 16. Nxd6 Qxd6 17. Nh4 Nh5 18. d3 Nhg7 19. Rae1 Rae8 20. Bc1 b6 21. Bh6 f6
22. f4 Nd8 23. Qg4 Rf7 1/2-1/2

[Event "DEM U18 2005"]
[Site "Willingen GER"]
[Date "2005.05.17"]
[Round "5"]
[White "Armbrust, Florian"]
[Black "Dück, Stefan"]
[Result "1-0"]
[Termination "normal"]
[Board "8"]
[WhiteElo "2243"]
[BlackElo "2049"]
[PlyCount "93"]
[WhiteFideId "4691350"]
[BlackFideId "4681355"]
[EventCountry "GER"]
[EventRounds "9"]
[EventType "swiss"]
[EventDate "2005.05.15"]

1. e4 e6 2. d4 d5 3. Nc3 Bb4 4. e5 c5 5. Bd2 cxd4 6. Nb5 Bc5 7. Qg4 Kf8 8. b4
Bb6 9. Nxd4 Bxd4 10. Qxd4 Nc6 11. Qb2 Nge7 12. Bd3 Ng6 13. f4 Qb6 14. Nf3 Bd7
15. b5 Nce7 16. Nd4 a6 17. a4 axb5 18. axb5 Rxa1+ 19. Qxa1 f6 20. O-O Kf7 21.
Be3 Qc7 22. exf6 gxf6 23. f5 exf5 24. Nxf5 Nxf5 25. Bxf5 Bxf5 26. Rxf5 Ne5 27.
Qd1 Ke6 28. Qf1 Ng4 29. Rf4 Qg7 30. Qd3 Rg8 31. Qf5+ Kd6 32. Bc1 Qg5 33. Ba3+
Kc7 34. b6+ Kd8 35. Qe6 Rg7 36. Qd6+ Kc8 37. Qc5+ Kd8 38. Qf8+ Kd7 39. Qd6+ Kc8
40. Qe6+ Kd8 41. Bd6 Ne5 42. Bc7+ Rxc7 43. Qd6+ Nd7 44. bxc7+ Kc8 45. Rf1 Qe3+
46. Kh1 Qe2 47. Ra1 1-0

[Event "DEM U18 2005"]
[Site "Willingen GER"]
[Date "2005.05.17"]
[Round "5"]
[White "Jahncke, Giso"]
[Black "Behm, Simon"]
[Result "1/2-1/2"]
[Termination "normal"]
[Board "9"]
[WhiteElo "1882"]
[BlackElo "2214"]
[PlyCount "57"]
[WhiteFideId "24608289"]
[BlackFideId "4691962"]
[EventCountry "GER"]
[EventRounds "9"]
[EventType "swiss"]
[EventDate "2005.05.15"]

1. e4 c5 2. Nf3 Nc6 3. d4 cxd4 4. Nxd4 Nf6 5. Nc3 e5 6. Ndb5 d6 7. Bg5 a6 8.
Na3 b5 9. Bxf6 gxf6 10. Nd5 Bg7 11. Bd3 Ne7 12. Nxe7 Qxe7 13. c4 f5 14. O-O O-O
15. Qh5 d5 16. cxd5 f4 17. Kh1 Rb8 18. g4 fxg3 19. fxg3 Rb6 20. Nc2 Rh6 21. Qf3
Qg5 22. Ne3 Rf6 23. Qe2 Rxf1+ 24. Rxf1 Bh3 25. Rg1 Bh6 26. Nf5 Bxf5 27. exf5
Qe3 28. Re1 Qd4 29. Qe4 1/2-1/2

[Event "DEM U18 2005"]
[Site "Willingen GER"]
[Date "2005.05.17"]
[Round "5"]
[White "Becker, Nils"]
[Black "Mijatovic, Vladimir"]
[Result "1-0"]
[Termination "normal"]
[Board "10"]
[WhiteElo "2096"]
[BlackElo "2181"]
[PlyCount "59"]
[WhiteFideId "4695216"]
[BlackFideId "934062"]
[EventCountry "GER"]
[EventRounds "9"]
[EventType "swiss"]
[EventDate "2005.05.15"]

1. e4 c5 2. Nf3 d6 3. Nc3 Nf6 4. d4 cxd4 5. Nxd4 a6 6. Be3 e6 7. a4 b6 8. f4
Nbd7 9. Bd3 Bb7 10. O-O Be7 11. Qf3 O-O 12. Qh3 Qc7 13. Rae1 Rfe8 14. Kh1 e5
15. Nf5 Bf8 16. fxe5 Nxe5 17. Bg5 Nfd7 18. Qg3 Kh8 19. Nd5 Bxd5 20. exd5 Qc5
21. Be4 Qb4 22. Qh3 Ng6 23. c3 Qxa4 24. b3 Qxb3 25. Nd4 Qc4 26. Bxg6 fxg6 27.
Qxd7 Rxe1 28. Rxe1 Qxc3 29. Nf3 a5 30. Qb7 1-0

[Event "DEM U18 2005"]
[Site "Willingen GER"]
[Date "2005.05.17"]
[Round "5"]
[White "Skibbe, Willi"]
[Black "Müller, Pascal"]
[Result "1/2-1/2"]
[Termination "normal"]
[Board "11"]
[WhiteElo "1934"]
[BlackElo "1813"]
[PlyCount "103"]
[WhiteFideId "4682190"]
[EventCountry "GER"]
[EventRounds "9"]
[EventType "swiss"]
[EventDate "2005.05.15"]

1. e4 e5 2. Nf3 Nc6 3. Bb5 Nf6 4. O-O d6 5. d4 Bd7 6. Re1 Be7 7. Nc3 Nxd4 8.
Bxd7+ Nxd7 9. Nxd4 exd4 10. Qxd4 Bf6 11. Qe3 O-O 12. Nd5 Nb6 13. Nxf6+ Qxf6 14.
Qg5 Qxg5 15. Bxg5 f6 16. Bd2 Rfe8 17. b3 Kf7 18. Ba5 d5 19. exd5 Nxd5 20. c4
Nb6 21. Kf1 Rxe1+ 22. Kxe1 Re8+ 23. Kd2 Re5 24. Bb4 Nd7 25. f4 Re8 26. Re1 Rxe1
27. Kxe1 c5 28. Bc3 Ke6 29. Ke2 b6 30. Kf3 Nb8 31. g4 Nc6 32. f5+ Kd6 33. Ke4
h6 34. h4 Nb8 35. Bd2 Nd7 36. Bf4+ Kc6 37. g5 hxg5 38. hxg5 fxg5 39. Bxg5 a6
40. Bc1 Kd6 41. Bb2 Nf6+ 42. Kf4 Ne8 43. Kg5 Ke7 44. Bxg7 Nxg7 45. f6+ Kf7 46.
fxg7 Kxg7 47. Kf5 Kf7 48. Ke5 Ke7 49. Kd5 Kd7 50. a3 a5 51. a4 Kc7 52. Ke6
1/2-1/2

[Event "DEM U18 2005"]
[Site "Willingen GER"]
[Date "2005.05.17"]
[Round "5"]
[White "Schulz, Stefanie"]
[Black "Igonin, Pavel"]
[Result "0-1"]
[Termination "normal"]
[Board "12"]
[WhiteElo "2070"]
[BlackElo "2176"]
[PlyCount "114"]
[WhiteFideId "4693060"]
[EventCountry "GER"]
[EventRounds "9"]
[EventType "swiss"]
[EventDate "2005.05.15"]

1. e4 c5 2. Nc3 Nc6 3. f4 g6 4. Nf3 Bg7 5. Bc4 e6 6. f5 Nge7 7. fxe6 dxe6 8.
O-O O-O 9. a4 a6 10. d3 b6 11. Be3 Nd4 12. Qd2 Nec6 13. Kh1 Nxf3 14. Rxf3 Ne5
15. Rf2 Ng4 16. Rff1 Nxe3 17. Qxe3 Qc7 18. Rab1 Bd7 19. Qe2 Bxc3 20. bxc3 Bxa4
21. Ra1 Bb5 22. Bxb5 axb5 23. Rab1 Qc6 24. d4 cxd4 25. cxd4 Ra2 26. d5 exd5 27.
exd5 Qxd5 28. Qxb5 Qe4 29. Qxb6 Rxc2 30. Qb7 Qe2 31. h3 Qe3 32. Qb3 Rc3 33. Qb6
Qe4 34. Qb7 Rxh3+ 35. Kg1 Qd4+ 36. Rf2 Rd3 37. Rbf1 Rd2 38. Qe7 Rxf2 39. Rxf2
Qd5 40. Qa7 Ra8 41. Qb6 Ra1+ 42. Rf1 Rxf1+ 43. Kxf1 Qf5+ 44. Kg1 h5 45. Qd4 g5
46. Qd8+ Kg7 47. Qd4+ Qf6 48. Qd3 h4 49. Kh2 Qe5+ 50. Kh3 Qg3+ 51. Qxg3 hxg3
52. Kxg3 f5 53. Kf2 Kf6 54. g3 g4 55. Ke3 Ke5 56. Kf2 Kd4 57. Ke2 Ke4 0-1

[Event "DEM U18 2005"]
[Site "Willingen GER"]
[Date "2005.05.17"]
[Round "5"]
[White "Kaufmann, Benjamin"]
[Black "Elstner, Eik"]
[Result "0-1"]
[Termination "normal"]
[Board "13"]
[WhiteElo "1942"]
[BlackElo "2095"]
[PlyCount "52"]
[WhiteFideId "24613525"]
[BlackFideId "24605581"]
[EventCountry "GER"]
[EventRounds "9"]
[EventType "swiss"]
[EventDate "2005.05.15"]

1. d4 d5 2. c4 e6 3. Nc3 Nf6 4. cxd5 exd5 5. Bg5 Nbd7 6. e3 c6 7. Qc2 Be7 8.
Bd3 O-O 9. Nge2 Re8 10. O-O Nf8 11. f3 h6 12. Bh4 Ne6 13. Rad1 a6 14. Qd2 b5
15. Bf2 Bb7 16. a3 c5 17. dxc5 Bxc5 18. b4 Ba7 19. Bc2 Qe7 20. Bb3 Red8 21.
Rfe1 Rd7 22. Nd4 Nxd4 23. exd4 Qd8 24. Bh4 Qb6 25. Bxf6 Qxf6 26. Re5 Qxe5 0-1

[Event "DEM U18 2005"]
[Site "Willingen GER"]
[Date "2005.05.17"]
[Round "5"]
[White "Lang, Henry"]
[Black "Poysti, Nathanael"]
[Result "1/2-1/2"]
[Termination "normal"]
[Board "14"]
[WhiteElo "1792"]
[BlackElo "2008"]
[PlyCount "96"]
[EventCountry "GER"]
[EventRounds "9"]
[EventType "swiss"]
[EventDate "2005.05.15"]

1. Nf3 c5 2. g3 b6 3. Bg2 Bb7 4. d3 d6 5. e4 g6 6. O-O Bg7 7. Nc3 Nc6 8. Be3
Nf6 9. h3 O-O 10. Qd2 e5 11. Nh2 Nd4 12. Nd5 Nxd5 13. exd5 Ba6 14. f4 f5 15. c3
Nb5 16. Nf3 Nc7 17. Rfe1 Rb8 18. Nh2 Qd7 19. Rab1 Ne8 20. Nf3 Nc7 21. Nh2 Rfd8
22. c4 b5 23. b3 bxc4 24. dxc4 e4 25. g4 Qe7 26. Bf2 Bc8 27. a3 a5 28. b4 axb4
29. axb4 cxb4 30. Rxb4 Rxb4 31. Qxb4 Na6 32. Qb6 Nc5 33. Bf1 Rd7 34. Qa5 Rb7
35. Bxc5 dxc5 36. Nf3 fxg4 37. Ne5 Bxe5 38. fxe5 Qxe5 39. hxg4 Qg3+ 40. Bg2 Rb2
41. Qd8+ Kf7 42. Rf1+ Bf5 43. Qd7+ Kg8 44. Qe8+ Kg7 45. Qe7+ Kh6 46. Qf8+ Kg5
47. Rxf5+ Kxg4 48. Rf2 Rb1+ 1/2-1/2

[Event "DEM U18 2005"]
[Site "Willingen GER"]
[Date "2005.05.18"]
[Round "6"]
[White "Eisenbeiser, Amadeus"]
[Black "Feuerstack, Aljoscha"]
[Result "1/2-1/2"]
[Termination "normal"]
[Board "1"]
[WhiteTitle "FM"]
[WhiteElo "2304"]
[BlackElo "2209"]
[PlyCount "42"]
[WhiteFideId "4678338"]
[BlackFideId "4681932"]
[EventCountry "GER"]
[EventRounds "9"]
[EventType "swiss"]
[EventDate "2005.05.15"]

1. e4 c5 2. Nf3 e6 3. d4 cxd4 4. Nxd4 a6 5. Bd3 Bc5 6. c3 d6 7. O-O Nf6 8. Nd2
e5 9. Nf5 Bxf5 10. exf5 d5 11. Nb3 Ba7 12. Bg5 Nc6 13. Qe2 Qd6 14. Rad1 Rd8 15.
c4 dxc4 16. Bxc4 Nd4 17. Nxd4 Bxd4 18. Kh1 O-O 19. f4 b5 20. Bd3 h6 21. fxe5
Qxe5 1/2-1/2

[Event "DEM U18 2005"]
[Site "Willingen GER"]
[Date "2005.05.18"]
[Round "6"]
[White "Hoffmann, Udo"]
[Black "Degtiarev, Jewgeni"]
[Result "0-1"]
[Termination "time forfeit"]
[Board "2"]
[WhiteElo "2196"]
[BlackElo "2328"]
[PlyCount "79"]
[WhiteFideId "24605735"]
[BlackFideId "4149610"]
[EventCountry "GER"]
[EventRounds "9"]
[EventType "swiss"]
[EventDate "2005.05.15"]

1. e4 c5 2. b3 Nc6 3. Bb2 a6 4. f4 e6 5. Nf3 Nf6 6. e5 Nd5 7. g3 b5 8. Bg2 Bb7
9. O-O Qb6 10. Kh1 h5 11. h4 Nce7 12. Kh2 Nf5 13. Nc3 Be7 14. Qe2 O-O-O 15.
Nxd5 Bxd5 16. c4 Bc6 17. cxb5 axb5 18. a4 b4 19. d4 Kb8 20. Rfc1 Rc8 21. a5 Qb5
22. Qxb5+ Bxb5 23. a6 Ne3 24. Bh1 Bc6 25. dxc5 Rc7 26. Bd4 Nf5 27. Bf2 Ka7 28.
Nd2 f6 29. Ne4 fxe5 30. fxe5 Rf8 31. Kg1 g5 32. Nd6 Ka8 33. Nxf5 Rxf5 34. Bxc6+
dxc6 35. hxg5 Rxg5 36. Rc4 Rxe5 37. Ra4 Rd7 38. Kg2 Rd2 39. Rf4 Bxc5 40. a7 0-1